Name their Biggest Songs #2 - Statistics

General Stats
  • This quiz has been taken 63 times
  • The average score is 10 of 15
Answer Stats
Artist Songs % Correct
Michael Jackson Billie Jean | Beat It | Smooth Criminal
95%
Amy Winehouse Back to Black | Valerie | Rehab
84%
Elvis Presley Can't Help Falling in Love | Jailhouse Rock | Suspicious Minds
80%
Ed Sheeran Shape of You | Perfect | Photograph
80%
Led Zeppelin Stairway to Heaven | Immigrant Song | Whole Lotta Love
80%
Guns N' Roses Sweet Child O' Mine | Welcome To The Jungle | Paradise City
75%
The Weeknd Blinding Lights | Starboy | Die For You
73%
Avicii Wake Me Up | The Nights | Waiting For Love
66%
Taylor Switt Cruel Summer | I Don't Wanna Live Forever | Blank Space
59%
Drake One Dance | God's Plan | Passionfruit
59%
Pink Floyd Another Brick in the Wall, Pt. 2 | Wish You Were Here | Comfortably Numb
50%
The Beach Boys Wouldn't It Be Nice | Good Vibrations | Surfin' U.S.A.
50%
The Notorious B.I.G. Hypnotize | Big Poppa | Juicy
45%
George Harrison My Sweet Lord | Got My Mind Set on You | What Is Life
36%
Tame Impala The Less I Know The Better | Borderline | Let It Happen
32%
No matching quizzes found
Score Distribution
Percent of People with Each Score
Percentile by Number Answered
Your Score History
You have not taken this quiz